<?xml version="1.0" encoding="UTF-8"?>
<collection xmlns="http://www.loc.gov/MARC21/slim">
  <record>
    <leader>00000nam  2200000   4500</leader>
    <controlfield tag="001">INLIS000000000000763</controlfield>
    <controlfield tag="005">20180724140039</controlfield>
    <controlfield tag="008">180724|||||||||   |   |||   |||| ||   | </controlfield>
    <datafield tag="035" ind1=" " ind2=" ">
      <subfield code="0">010-0718000763</subfield>
    </datafield>
    <datafield tag="041" ind1=" " ind2=" ">
      <subfield code="a">id</subfield>
    </datafield>
    <datafield tag="082" ind1=" " ind2=" ">
      <subfield code="a">038</subfield>
    </datafield>
    <datafield tag="090" ind1=" " ind2=" ">
      <subfield code="a">R.038 PIM I 2015</subfield>
    </datafield>
    <datafield tag="100" ind1=" " ind2=" ">
      <subfield code="a">Warsito Parimin</subfield>
    </datafield>
    <datafield tag="245" ind1=" " ind2=" ">
      <subfield code="a">Optimalisasi Peraturan Kapolri Tentang Kegiatan Usaha/Bisnis Bagi Anggota Polri.</subfield>
    </datafield>
    <datafield tag="260" ind1=" " ind2=" ">
      <subfield code="a">Jakarta</subfield>
      <subfield code="b">LAN Jakarta</subfield>
      <subfield code="c">2015</subfield>
    </datafield>
    <datafield tag="300" ind1=" " ind2=" ">
      <subfield code="a">19 hlm.; lamp</subfield>
    </datafield>
    <datafield tag="500" ind1=" " ind2=" ">
      <subfield code="a">Guna mengatur secara tegas tentang kegiatan usaha bagi anggota Polri, maka perlu disusun Peraturan Kapolri yang mengatur tentang kegiatan usaha bagi anggota Polri sebagai pedoman bagi Polri dalam rangka menjalankan kegiatan usahanya, serta tidak mengganggu pelaksanaan tugas pokok dan fungsinya sebagai anggota Polri, serta sebagai pedoman dalam melakukan penertiban, pengawasan dan penegakan hukum terhadap anggota Polri yang melakukan pelanggaran hukum dalam menjalankan kegiatan usahanya.</subfield>
    </datafield>
    <datafield tag="650" ind1=" " ind2=" ">
      <subfield code="a">Bisnis</subfield>
    </datafield>
  </record>
</collection>
